书目信息 |
| 题名: |
日汉同形异义词词解
|
|
| 作者: | 秦明吾 主编 ;路邈 , 熊仁芳 , 王冠华 编著 | |
| 分册: | ||
| 出版信息: | 北京 中国建材工业出版社 2005.1 |
|
| 页数: | 90,1019页 | |
| 开本: | 22cm | |
| 丛书名: | ||
| 单 册: | ||
| 中图分类: | H366 | |
| 科图分类: | ||
| 主题词: | 日语--ri yu , 汉语--han yu , 日语--ri yu--汉语--词典 | |
| 电子资源: | ||
| ISBN: | 7-80159-621-8 | |
| 000 | 01046nam0 2200289 450 | |
| 001 | CAL 012006070683 | |
| 005 | 20061113161035.28 | |
| 010 | @a7-80159-621-8@b精装@dCNY49.80 | |
| 100 | @a20061012d2005 em y0chiy0120 ea | |
| 101 | 0 | @achi@ajpn |
| 102 | @aCN@b110000 | |
| 105 | @ay z 001yy | |
| 200 | 1 | @a日汉同形异义词词解@Ari han tong xing yi yi ci ci jie@f秦明吾主编@g路邈, 熊仁芳, 王冠华编著 |
| 210 | @a北京@c中国建材工业出版社@d2005.1 | |
| 215 | @a90,1019页@d22cm | |
| 320 | @a有五十音图索引 (第1-90页) | |
| 330 | @a本书收录的词汇均是日语与汉语意义用法有所区别的日语汉字词汇, 同时也适当地收录了近几年日本社会大量使用的日语汉字书写的新语, 词解中收词条约3000个按五十音图及汉语拼音方式排列, 以便查阅。 | |
| 606 | 0 | @a日语@Ari yu |
| 606 | 0 | @a汉语@Ahan yu |
| 606 | 0 | @a日语@Ari yu@x汉语@j词典 |
| 690 | @aH366@v4 | |
| 701 | 0 | @a秦明吾@Aqin ming wu@4主编 |
| 702 | 0 | @a路邈@Alu miao@4编著 |
| 702 | 0 | @a熊仁芳@Axiong ren fang@4编著 |
| 702 | 0 | @a王冠华@Awang guan hua@4编著 |
| 801 | 0 | @aCN@c20061113 |
| 905 | @a10447@dH366@eQ420 | |
| 日汉同形异义词词解/秦明吾主编/路邈, 熊仁芳, 王冠华编著.-北京:中国建材工业出版社,2005.1 |
| 90,1019页;22cm |
| ISBN 7-80159-621-8(精装):CNY49.80 |
| 本书收录的词汇均是日语与汉语意义用法有所区别的日语汉字词汇, 同时也适当地收录了近几年日本社会大量使用的日语汉字书写的新语, 词解中收词条约3000个按五十音图及汉语拼音方式排列, 以便查阅。 |
| ● |
| 相关链接 |
|
|
|
正题名:日汉同形异义词词解
索取号:H366/Q420
 
预约/预借
| 序号 | 登录号 | 条形码 | 馆藏地/架位号 | 状态 | 备注 |
| 1 | 636725 | 206367251 | 语言库209/209语言库 130排2列1层/ [索取号:H366/Q420] | 在馆 | |
| 2 | 636726 | 206367260 | 语言库209/209语言库 130排2列1层/ [索取号:H366/Q420] | 在馆 | |
| 3 | 636727 | 206367279 | 语言库209/209语言库 130排2列1层/ [索取号:H366/Q420] | 在馆 |